| Tag |
First Indicator |
Second Indicator |
Subfields |
| LEADER |
00000cam a2200000 i 4500 |
| 001 |
in00000012553 |
| 005 |
20210810130015.0 |
| 008 |
870706s1987 dcu b 001 0 eng |
| 010 |
|
|
|a 87001458
|
| 035 |
|
|
|a (OCoLC)ocm16395933
|
| 035 |
|
|
|a (OCoLC)16395933
|
| 035 |
|
|
|9 AAA5126AM
|
| 040 |
|
|
|a DNLM/DLC
|b eng
|e rda
|c DLC
|d OCL
|d NLM
|d UBA
|d PGC
|d MUQ
|d NLGGC
|d BTCTA
|d YDXCP
|d BAKER
|d NLE
|d GBVCP
|d OCLCO
|d SHH
|d OCLCF
|d EUX
|d UCDLL
|d OCLCQ
|d XFF
|d OCLCO
|d OCLCQ
|d OCL
|d OCLCQ
|d OCLCO
|d NJR
|d GILDS
|d YCP
|d UKUOY
|d OCLCQ
|d TMC
|d OCLCO
|d OCLCA
|d CGU
|d OCLCA
|d YLS
|d UKMGB
|d OCLCQ
|d IL4J6
|d TXA
|
| 016 |
7 |
|
|a 8702496
|2 DNLM
|
| 016 |
7 |
|
|a 008451520
|2 Uk
|
| 019 |
|
|
|a 15365539
|a 18092337
|a 397987053
|a 1011830926
|a 1027270710
|a 1078847028
|a 1100245821
|a 1114350166
|a 1117028802
|a 1157565679
|a 1170341822
|a 1200986048
|
| 020 |
|
|
|a 0890420181
|
| 020 |
|
|
|a 9780890420188
|
| 020 |
|
|
|a 089042019X
|q (soft)
|
| 020 |
|
|
|a 9780890420195
|q (soft)
|
| 020 |
|
|
|a 052134509X
|q (CUP)
|
| 020 |
|
|
|a 9780521345095
|q (CUP)
|
| 020 |
|
|
|z 0521367556
|q (CUP ;
|q pbk.)
|
| 020 |
|
|
|a 9780521367554
|q (CUP ;
|q pbk.)
|
| 020 |
|
|
|a 0521367557
|
| 035 |
|
|
|a (OCoLC)16395933
|z (OCoLC)15365539
|z (OCoLC)18092337
|z (OCoLC)397987053
|z (OCoLC)1011830926
|z (OCoLC)1027270710
|z (OCoLC)1078847028
|z (OCoLC)1100245821
|z (OCoLC)1114350166
|z (OCoLC)1117028802
|z (OCoLC)1157565679
|z (OCoLC)1170341822
|z (OCoLC)1200986048
|
| 050 |
0 |
0 |
|a RC455.2.C4
|b D52 1987
|
| 060 |
0 |
0 |
|a WM 15
|b D536 1987
|
| 082 |
0 |
|
|a 616.89/075
|2 19
|
| 084 |
|
|
|a 44.91
|2 bcl
|
| 084 |
|
|
|a 77.08
|2 bcl
|
| 090 |
|
|
|a RC455.2.C4
|b D54 1987
|
| 049 |
|
|
|a TXAM
|
| 245 |
0 |
0 |
|a Diagnostic and statistical manual of mental disorders :
|b DSM-III-R.
|
| 246 |
3 |
3 |
|a DSM-III-R
|
| 250 |
|
|
|a Third edition, revised.
|
| 264 |
|
1 |
|a Washington, DC :
|b American Psychiatric Association,
|c 1987.
|
| 300 |
|
|
|a xxix, 567 pages ;
|c 27 cm
|
| 336 |
|
|
|a text
|b txt
|2 rdacontent
|
| 337 |
|
|
|a unmediated
|b n
|2 rdamedia
|
| 338 |
|
|
|a volume
|b nc
|2 rdacarrier
|
| 500 |
|
|
|a Includes indexes.
|
| 505 |
0 |
|
|a DSM-III-R classification : Axes I and II categories and codes -- Use of this manual -- The diagnostic categories : text and criteria. Disorders usually first evident in infancy, childhood, or adolescence -- Organic mental syndromes and disorders -- Psychoactive substance use disorders -- Schizophrenia -- Delusional disorder -- Psychotic disorders not elsewhere classified -- Mood disorders -- Anxiety disorders -- Somatoform disorders -- Dissociative disorders -- Sexual disorders -- Sleep disorders -- Facticious disorders -- Impulse control disorders not elsewhere classified -- Adjustment disorder -- Psychological factors affecting physical condition -- Personality disorders -- V codes for conditions not attributable to a mental disorder that are a focus of attention or treatment -- Additional codes.
|
| 508 |
|
|
|a Prepared by the Work Group to Revise DSM-III of the American Psychiatric Association: Robert L. Spitzer, chair - Janet B.W. Williams, text editor ...
|
| 504 |
|
|
|a Includes bibliographical references and indexes.
|
| 541 |
0 |
|
|a Donated by Sharon Stuart / Tom Heitz
|d 20190715
|
| 650 |
|
0 |
|a Mental illness
|v Classification.
|
| 650 |
|
0 |
|a Mental illness
|x Diagnosis.
|
| 650 |
1 |
2 |
|a Mental Disorders
|x classification.
|0 (DNLM)D001523Q000145
|
| 650 |
1 |
2 |
|a Psychiatry.
|0 (DNLM)D011570
|
| 650 |
|
6 |
|a Maladies mentales
|x Classification.
|
| 650 |
|
6 |
|a Maladies mentales
|x Diagnostic.
|
| 650 |
|
7 |
|a Mental illness.
|2 fast
|0 (OCoLC)fst01016547
|
| 650 |
|
7 |
|a Mental illness
|x Diagnosis.
|2 fast
|0 (OCoLC)fst01016561
|
| 650 |
|
7 |
|a Disturbios Mentais.
|2 larpcal
|
| 650 |
|
7 |
|a Mental illness
|x Diagnosis
|v Handbooks, manuals, etc.
|2 nli
|
| 650 |
|
7 |
|a Mental illness
|x Classification
|v Handbooks, manuals, etc.
|2 nli
|
| 655 |
|
2 |
|a Terminology.
|0 (DNLM)D020502
|
| 655 |
|
7 |
|a Reference works.
|2 fast
|0 (OCoLC)fst01919963
|
| 655 |
|
7 |
|a Classification.
|2 fast
|0 (OCoLC)fst01697073
|
| 655 |
|
7 |
|a Reference works.
|2 lcgft
|
| 710 |
2 |
|
|a American Psychiatric Association.
|
| 710 |
2 |
|
|a American Psychiatric Association.
|b Work Group to Revise DSM-III.
|
| 776 |
0 |
8 |
|i Online version:
|t Diagnostic and statistical manual of mental disorders.
|b 3rd ed., rev.
|d Washington, DC : American Psychiatric Association, 1987
|w (OCoLC)182846859
|
| 994 |
|
|
|a C0
|b TXA
|
| 948 |
|
|
|a updated
|b h
|c 2021/8/4
|d c
|e nbehmer
|f 2:01:02 pm
|
| 999 |
f |
f |
|s 9acd4c2e-7da3-3249-88c8-e84fabd36e60
|i 25407982-05fc-381a-9c2c-3ac974b66e2d
|t 0
|
| 952 |
f |
f |
|p noncirc
|a Texas A&M University
|b College Station
|c Cushing Memorial Library & Archives
|d Cushing: Women & Gender Studies (Does not check out)
|t 0
|e RC455.2.C4 D54 1987
|h Library of Congress classification
|i unmediated -- volume
|
| 952 |
f |
f |
|p normal
|a Texas A&M University
|b College Station
|c Sterling C. Evans Library
|d Evans: Library Stacks
|t 0
|e RC455.2.C4 D54 1987
|h Library of Congress classification
|i unmediated -- volume
|m A14812639058
|
| 998 |
f |
f |
|a RC455.2.C4 D54 1987
|t 0
|l Evans: Library Stacks
|
| 998 |
f |
f |
|a RC455.2.C4 D54 1987
|t 0
|l Cushing: Women & Gender Studies (Does not check out)
|